Kraje Które Używają Peso - Statystyki

Ogólne statystyki
  • Ten quiz został rozwiązany 14 razy
  • Średni wynik to 5 z 8
Statystyki odpowiedzi
Kraje % Poprawnych
Meksyk
86%
Chile
79%
Kolumbia
79%
Argentyna
71%
Kuba
64%
Urugwaj
64%
Filipiny
43%
Dominikana
36%
Nie znaleziono quizów pasujących do podanych kryteriów
Rozkład punktacji
Procent ludzi z każdym wynikiem
Percentyl według liczby udzielonych odpowiedzi
Twoja historia wyników
Nie rozwiązałeś tego quizu